حوار الثقافات الشعبية / Ḥiwār al-thaqāfāt al-shʻabīyah

محفوظ في:

المؤلف الرئيسي: Khālid Abū al-Layl .

التنسيق: كتاب

اللغة: Undetermined

منشور في: Al-Jīzah : Wizārat al-Thaqāfah, al-ʻAlāqāt al-Thaqāfīyah al-Khārijīyah, 2012.

الموضوعات:

الوسوم: إضافة وسم

لا توجد وسوم, كن أول من يضع وسما على هذه التسجيلة!

رقم الطلب: GR268 .A73 H48

LEADER 00679nam a2200181Ia 4500
008 240329s9999||||xx |||||||||||||| ||und||
020 |a 9789777180238 
050 4 |a GR268 .A73 H48 
100 1 |a Khālid Abū al-Layl . 
245 1 0 |a حوار الثقافات الشعبية / Ḥiwār al-thaqāfāt al-shʻabīyah  |c Khālid Abū al-Layl  
264 1 |a Al-Jīzah :  |b Wizārat al-Thaqāfah, al-ʻAlāqāt al-Thaqāfīyah al-Khārijīyah,  |c 2012. 
300 |a 208  |b color illustrations  |c 24 
650 |a Arab countries 
650 |a Criticism, interpretation, etc 
650 |a Epic poetry, Arabic 
650 |a Folk literature, Arabic History and criticism 
942 |2 lcc  |c BK 
999 |c 57830  |d 57830